Verejná správa a normotvorba.

Tvorba druhotných právnych predpisov. Nariadenia obce a normatívne akty verejnej správy.

Gespeichert in:
Bibliographische Detailangaben
1. Verfasser: Kukliš, Peter
Format: Buchkapitel
Sprache:Slowakisch
Schlagworte:
Tags: Tag hinzufügen
Keine Tags, Fügen Sie das erste Tag hinzu!

MARC

LEADER 00000naa a2200000 4500
001 r013135
005 20221213123659.5
041 0 |a slo 
044 |a SK 
245 1 0 |a Verejná správa a normotvorba.  |c P. Kukliš 
520 |a Tvorba druhotných právnych predpisov. Nariadenia obce a normatívne akty verejnej správy. 
610 2 0 |a správa verejná 
610 2 0 |a predpisy právne 
610 2 0 |a smernice 
610 2 0 |a obce 
610 2 0 |a Slovensko 
100 1 |a Kukliš, Peter